00442 2200169 4500001002100000008004100021035002000062245006700082100001500149250000600164260004200170300001200212084001400224082000800238650001400246990001200260INLIS000000000000610 ind  a0010-0424000586 aMateri, Soal dan Penyelesaian Olimpiade MatematikacBambang S. aBambang S. a1 aJakarta :bBina Prestasi Insanic2012 a727 hlm a510 BAM m a510 aNon Fiksi a0722412